Missing Word: Judd Apatow Movies Quiz Stats

 Plays Quiz Updated Sep 29, 2016

Challenge
Share
Tweet
Embed
Score 0/16 Timer 03:00
1 Play Today
Movie Missing Word % Correct
The 40 Year Old _____Virgin
98.9%
Forgetting Sarah _____Marshall
91.8%
Kicking & _____Screaming
91.4%
_____: The Legend of Ron BurgundyAnchorman
82.9%
Get Him to the _____Greek
82.9%
_____ ExpressPineapple
78.3%
Year ___One
69%
______ PeopleFunny
61.9%
Movie Missing Word % Correct
Step _____Brothers
60.4%
Talladega Nights: The _____ of Ricky BobbyBallad
56.8%
_____ UpKnocked
56.4%
_____ Hard: The Dewey Cox StoryWalk
54.9%
The _____ GuyCable
37.9%
_____ TaylorDrillbit
31.2%
_____ PrideCeltic
12.9%
The __ SetTV
5.6%

Today's Daily Dose

You're not logged in!

Compare scores with friends on all Sporcle quizzes.
Join for Free
OR
Log In

You Might Also Like...

Show Comments

Extras

Top Quizzes Today


Score Distribution

Your Account Isn't Verified!

In order to create a playlist on Sporcle, you need to verify the email address you used during registration. Go to your Sporcle Settings to finish the process.

Report this User

Report this user for behavior that violates our Community Guidelines.

Details: